=LDR 00000nam 2200000 4500 =001 INLIS000000000033086 =005 20200226100147 =035 ##$$a 0010-061300000033086 =008 200226################g##########0#ind## =041 ##$$a ind =082 ##$$a 121 =090 ##$$a 121, Bak f =100 1#$$a Amsal Bakhtiar =245 1#$$a Filsafat Ilmu /$c Prof. Dr. Amsal Bakhtiar =260 ##$$a Jakarta :$b PT. Raja Grafindo Persada,$c 2012 =300 ##$$a xiv, 266 hlm, ; $c 13 x 20 cm =650 #4$$a Pengetahuan - Ilmu =850 ##$$a NBPNMAT =020 ##$$a 979-421-993-2 =084 ##$$a 121 AMS f =250 ##$$a Cet. 12 =504 ##$$a hlm. 251 =990 ##$$a 92720/BPAP-NTB/2014 =990 ##$$a 93795/BPAP-NTB/2014 =990 ##$$a 21196129/BPAP-NTB/2014 =990 ##$$a 21400613/BPAP-NTB/20142014 =990 ##$$a 0001/BPAP-NTB/20142014 =990 ##$$a 2090101492/BPAP-NTB/2015 =990 ##$$a 21304020 =990 ##$$a 92720/BPAP-NTB/2014 =990 ##$$a 93795/BPAP-NTB/2014 =990 ##$$a 21400613/BPAP-NTB/20142014 =990 ##$$a 0001/BPAP-NTB/20142014 =990 ##$$a 21304021 =990 ##$$a 92720/BPAP-NTB/2014 =990 ##$$a 93795/BPAP-NTB/2014 =990 ##$$a 21304020 =990 ##$$a 0001/BPAP-NTB/20142014 =990 ##$$a 92720/BPAP-NTB/2014 =990 ##$$a 93795/BPAP-NTB/2014 =990 ##$$a 21304020 =990 ##$$a 21304021 =990 ##$$a 0001/BPAP-NTB/20142014 =990 ##$$a 92720/BPAP-NTB/2014 =990 ##$$a 93795/BPAP-NTB/2014 =990 ##$$a 21304020 =990 ##$$a 21304021 =990 ##$$a 0001/BPAP-NTB/20142014